| 000 | 00597nam a2200217Ia 4500 | ||
|---|---|---|---|
| 003 | OSt | ||
| 005 | 20250214122447.0 | ||
| 008 | 210719s2014 xx 000 0 und d | ||
| 040 | _cAL | ||
| 041 | _aKannada | ||
| 082 | _aK894.1 GUNE | ||
| 100 |
_aGUNAJE RAMACHANDRA BHAT _dಗುಣಜೆ ರಾಮಚಂದ್ರ ಭಟ್ _9199727 |
||
| 245 |
_aEdeya dani _bಎದೆಯ ದನಿ |
||
| 260 |
_aMangaluru _c2014 |
||
| 300 |
_axiv,54 _bPB |
||
| 365 |
_b60 _cRs |
||
| 650 |
_aKannada literature _9199728 |
||
| 650 |
_aKannada Poetry _9199729 |
||
| 906 | _adani ; Edeya | ||
| 942 |
_2ddc _cBK |
||
| 999 |
_c215593 _d215593 |
||